000 00665nam a2200229Ia 4500
003 OSt
005 20220918214410.0
006 a|||||r|||| 00| 0
007 ta
008 220917b |||||||| |||| 00| 0 eng d
024 _a137,266
037 _cTextual
040 _aARTS
_cARTS
_beng
041 _2eng
_aeng
082 _aYv1.N3, L6
100 _aStrasser Hermann
_9131179
245 0 _aNormative structure of sociology
_b conservation and emancipatory themes in social thought
260 _aLondon
_bRoutledge and kegan Paul
_c1976
650 _aSOCIOLOGY
942 _hYv1.N3, L6
_cTEXL
_2CC
999 _c260350
_d260350